000 01073nam a2200277 i 4500
003 DO-SdBNP
005 20240316073902.0
007 ta
008 230705b2022 dr c|||| |||| 00| 0 spa d
020 _a9789945182125
040 _aDO-SdBNP
_bspa
_cBNPHU
_erda
082 4 _aRD861.44
_bC352a
_222
100 _aCastillo Mejía, Julia Sorgia,
_eautora
_983703
245 1 0 _aÁngel terrenal /
_cJulia Sorgia Castillo Mejía ; cuidado de edición, Wilfredo Lozano ; revisión de estilo, Tomás Castro Burdiez
264 _aSanto Domingo :
_bFundación Ana Lozano Castillo,
_c2022.
300 _a103 páginas :
_bilustraciones ;
_c22 cm.
336 _2rdacontent
_atexto
_btxt
337 _2rdamedia
_asin mediación
_bn
338 _2rdacarrier
_avolumen
_bnc
500 _aIncluye datos biográficos de la autora en la contracubierta
590 _aInventariado, 2023/BT
700 1 _aLozano, Wilfredo,
_ecuidado de edición
_981507
700 _aCastro, Tomás,
_d1959-
_erevisión de estilo
_924641
910 _aBtavárez /Validado. Control de calidad MFF
942 _2ddc
_cLBS1
999 _c54118
_d54118